00209nam a2200073Ia 4500008004100000082000800041100004100049245004500090240331s9999 xx 000 0 und d bJAM aJameel, S.H.M. ed;Hussein, Asiff. ed 4aThe muslim heritage of eastern Sri Lanka